Journalistiek werk uit de jaren 1933/1938. (Record no. 3953)

MARC details
000 -LEADER
fixed length control field 00593cam a22002171 4500
001 - CONTROL NUMBER
control field af 48000185
003 - CONTROL NUMBER IDENTIFIER
control field DLC
005 - DATE AND TIME OF LATEST TRANSACTION
control field 20260227110842.0
008 - FIXED-LENGTH DATA ELEMENTS--GENERAL INFORMATION
fixed length control field 880902s1940 ne ch 000 0 dut
010 ## - LIBRARY OF CONGRESS CONTROL NUMBER
LC control number af 48000185
035 ## - SYSTEM CONTROL NUMBER
System control number (OCoLC)23431794
040 ## - CATALOGING SOURCE
Original cataloging agency DLC
Transcribing agency MiU
Modifying agency DLC
042 ## - AUTHENTICATION CODE
Authentication code premarc
050 00 - LIBRARY OF CONGRESS CALL NUMBER
Classification number HX309
Item number .G6
100 1# - MAIN ENTRY--PERSONAL NAME
Personal name Goes, Franc van der,
Dates associated with a name 1859-1939.
245 00 - TITLE STATEMENT
Title Journalistiek werk uit de jaren 1933/1938.
260 ## - PUBLICATION, DISTRIBUTION, ETC.
Place of publication, distribution, etc. Amsterdam,
Name of publisher, distributor, etc. Wereld-bibliotheek,
Date of publication, distribution, etc. 1940.
300 ## - PHYSICAL DESCRIPTION
Extent 103 p.
Other physical details port., facsim.
Dimensions 20 cm.
650 #0 - SUBJECT ADDED ENTRY--TOPICAL TERM
Topical term or geographic name entry element Socialism
650 #0 - SUBJECT ADDED ENTRY--TOPICAL TERM
Topical term or geographic name entry element Socialism
Geographic subdivision Netherlands

No items available.

Powered by Koha